Normal view
MARC view
Entry Topical Term
001 - CONTROL NUMBER
- control field: 19220
003 - CONTROL NUMBER IDENTIFIER
- control field: OSt
005 - DATE AND TIME OF LATEST TRANSACTION
- control field: 20201110163058.0
008 - FIXED-LENGTH DATA ELEMENTS
- fixed length control field: 201110|| aca||aabn | a|a d
040 ## - CATALOGING SOURCE
- Original cataloging agency: OSt
- Transcribing agency: OSt
150 ## - HEADING--TOPICAL TERM
- Topical term or geographic name entry element: Marketing, Branding, Local government, Strategic management
670 ## - SOURCE DATA FOUND
- Source citation: Work cat.: (OSt): Thomas, M.B, Fay, D.L and Berry, F.S. 19219, Strategically marketing florid's cities: An exploratory study into how cities engage in public marketing
